000 00464nam a2200181Ia 4500
005 20250508161615.0
008 008 250505s9999 xx 000 0 hin d
037 _aTextual
040 _aFEDL
_beng
_cFEDL
041 _ahin
_2eng
084 _aFH, HIM
_qFEDL
100 _aHimanshu
245 0 _aCharitra nirman ki kathaye
260 _aDelhi, India
_bSanmarg Prakashan
300 _a78p.
942 _cTEXL
_hFH, HIM
999 _c1371092
_d1371092